Rappers to Albums - Statistics

General Stats
  • This quiz has been taken 7,577 times
  • The average score is 70 of 90
Answer Stats
Question Tile Select % Correct
Kanye West No
99%
Kanye West No
99%
Kanye West No
99%
Kanye West No
98%
Kanye West No
97%
Drake No
96%
Kanye West Yes
95%
Drake No
95%
Drake No
95%
Drake No
95%
Drake No
95%
Travis Scott Yes
95%
Travis Scott No
94%
Travis Scott No
94%
Travis Scott No
94%
Travis Scott No
94%
Kanye West Yes
93%
Kendrick Lamar No
93%
Drake Yes
92%
Kendrick Lamar No
92%
Kendrick Lamar No
92%
Travis Scott Yes
92%
Travis Scott No
92%
XXXTentacion No
91%
XXXTentacion No
91%
Drake Yes
90%
Kendrick Lamar No
90%
Drake Yes
89%
Jay-Z No
89%
XXXTentacion Yes
89%
XXXTentacion No
89%
Kanye West Yes
88%
Jay-Z No
88%
Lil Wayne No
88%
Jay-Z No
87%
XXXTentacion No
87%
Lil Wayne Yes
87%
Kendrick Lamar Yes
86%
Nas No
86%
XXXTentacion No
86%
Lil Wayne No
86%
Eminem No
86%
Eminem No
86%
Kanye West Yes
85%
Drake Yes
85%
Kendrick Lamar Yes
85%
Nas No
85%
Lil Wayne No
85%
Eminem No
84%
Nas No
83%
XXXTentacion Yes
83%
Jay-Z No
82%
Nas Yes
82%
Future No
82%
Kendrick Lamar No
81%
Eminem No
81%
Future No
81%
Future No
81%
Jay-Z Yes
78%
Future No
78%
Eminem Yes
77%
Eminem Yes
77%
Lil Wayne No
75%
Future No
75%
Travis Scott Yes
74%
Jay-Z Yes
73%
Jay-Z No
71%
Nas No
71%
Eminem No
71%
Jay-Z Yes
70%
Nas No
70%
Kendrick Lamar Yes
68%
Lil Wayne No
68%
Future Yes
66%
Eminem Yes
62%
Future Yes
58%
Jay-Z Yes
54%
Nas Yes
54%
Future Yes
54%
Future Yes
50%
Lil Wayne Yes
48%
Lil Wayne Yes
48%
Nas Yes
41%
Kendrick Lamar Yes
36%
XXXTentacion Yes
34%
Travis Scott Yes
33%
Nas Yes
33%
XXXTentacion Yes
27%
Lil Wayne Yes
13%
Eminem Yes
10%
No matching quizzes found
Score Distribution
Percent of People with Each Score
Percentile by Number Answered
Your Score History
You have not taken this quiz